| 000 | 01234nab a22002417a 4500 | ||
|---|---|---|---|
| 999 |
_c6259 _d6259 |
||
| 003 | OSt | ||
| 005 | 20260128010147.0 | ||
| 008 | 190514b xxu||||| |||| 00| 0 spa d | ||
| 040 | _cPJ | ||
| 100 |
_96756 _aAndriola, Karina A. |
||
| 245 | 1 | 0 |
_a¿Y quién piensa en l*s niñ*s? : _balgunas reflexiones sobre la responsabilidad parental y el derecho de niñ*s y adolescentes al reconocimiento de su identidad de género a 10 años del Cód. Civ. y Com. / _cKarina A. Andriola. |
| 300 | _ap. 98-108 | ||
| 500 | _aCita: TR LALEY AR/DOC/2500/2025. | ||
| 505 | _aSumario: I. Introducción.— II. Una Convención, unos Principios, una Ley, un Código y sus posibilidades.— III. Los fallos que nos ayudan a reflexionar.— IV. Un caso y algunas reflexiones. | ||
| 505 | _tSi te interesa el texto, comunicate a koha@justierradelfuego.gov.ar | ||
| 650 | 0 |
_9967 _aDERECHO DE FAMILIA |
|
| 650 | 0 |
_92741 _aDERECHOS DE LAS NIÑAS, NIÑOS Y ADOLESCENTES |
|
| 650 | 0 |
_91497 _aCODIGO CIVIL Y COMERCIAL |
|
| 650 | 0 |
_91015 _aRESPONSABILIDAD PARENTAL |
|
| 650 | 0 |
_94305 _aDERECHO A LA IDENTIDAD DE GÉNERO |
|
| 773 | 0 |
_02844 _93222 _dBuenos Aires : AbeledoPerrot, 1989- _tDerecho de familia. N° 122 - Noviembre 2025 _z18511201 |
|
| 942 |
_2udc _cANA |
||